000 00756nam a2200217 a 4500
008 960124s1973||||[C 0 slo c
040 _aSNK
_bslo
_cSNK
_eAACR2
041 1 _aslo
_hfre
044 _axo
_cSK
080 _a75(4-15)"1850/1950"(03)
245 1 0 _aOd Maneta po Pollocka
_bSlovník západoeurópskeho maliarstva 20. stor. ; Na lexikone aut. prac. John Ashbery ; Prel. Soňa Hollá
250 _a2. dopl. vyd.
260 _aBratislava
_bTatran
_c1973
_eKošice
_fVýchodoslov. tlač.
300 _a409, [5] s.
_c
500 _aPri tlači použité pôvodné litografie. Tit. dvojlist
700 1 _aAshbery, John
_4aut
700 1 _aHollá, Soňa
_4trl
765 0 _tNouveau dictionnaire de la peinture moderne
020 _c105
958 _aA
999 _c14876
_d14876